| 000 -LEADER |
| fixed length control field |
00290nam a22001097a 4500 |
| 008 - FIXED-LENGTH DATA ELEMENTS--GENERAL INFORMATION |
| fixed length control field |
250509b ||||| |||| 00| 0 eng d |
| 020 ## - INTERNATIONAL STANDARD BOOK NUMBER |
| International Standard Book Number |
9780603568008 |
| 082 ## - DEWEY DECIMAL CLASSIFICATION NUMBER |
| Classification number |
800 SAM |
| 245 ## - TITLE STATEMENT |
| Title |
FIREMAN SAM |
| 260 ## - PUBLICATION, DISTRIBUTION, ETC. |
| Place of publication, distribution, etc. |
THE YELLOW BUILDING,1 NICHOLAS ROAD,LONDON W11 4AN |
| Name of publisher, distributor, etc. |
EGMONT |
| Date of publication, distribution, etc. |
2013 |
| 942 ## - ADDED ENTRY ELEMENTS (KOHA) |
| Source of classification or shelving scheme |
|